The Poorest Country For Each Letter - Statistics

General Stats
  • This quiz has been taken 34 times
  • The average score is 19 of 24
Answer Stats
Hint Answer % Correct
O Oman
94%
Y Yemen
94%
U Uganda
90%
Z Zambia
90%
B Burundi
87%
E Eritrea
87%
H Haiti
87%
K Kenya
87%
Q Qatar
87%
R Rwanda
87%
V Vanuatu
87%
D D.R. Congo
81%
J Jordan
81%
F Fiji
77%
A Afghanistan
74%
I Ivory Coast
74%
M Malawi
74%
T Togo
74%
S South Sudan
71%
G (The) Gambia
71%
C Central African Republic
68%
L Liberia
65%
P Papua New Guinea
55%
N North Korea
48%
No matching quizzes found
Score Distribution
Percent of People with Each Score
Percentile by Number Answered
Your Score History
You have not taken this quiz